Štafeta /
Hřejivý příběh o ženě, která během svého dětství a dospívání vystřídala několik rodin a domovů a nastřádala řadu hezkých i bolestných zážitků. V dospělosti se snaží nají samu sebe a vytvořit si vlastní zázemí.
Uloženo v:
| Hlavní autor: | |
|---|---|
| Další autoři: | , |
| Médium: | E-kniha |
| Jazyk: | Czech |
| Vydáno: |
Brno :
Host,
2026
|
| Vydání: | První vydání |
| Témata: | |
| Tagy: |
Žádné tagy |
| LEADER | 04146nam a2200433 i 4500 | ||
|---|---|---|---|
| 001 | 312933 | ||
| 003 | CZ PrSKC | ||
| 005 | 20260601215731.0 | ||
| 007 | ta | ||
| 008 | 260311s2026 xr g 000 f cze | ||
| 015 | |a cnb003740609 | ||
| 020 | |a 9788027527908 |q (vázáno) | ||
| 040 | |a ABG001 |b cze |d OLA001 |e rda | ||
| 041 | 1 | |a cze |h jpn | |
| 072 | 7 | |a 821.521 |x Japonská literatura |2 Konspekt | |
| 080 | |a 821.521-31 |2 MRF | ||
| 080 | |a (0:82-31) |2 MRF | ||
| 100 | 1 | |a Seo, Maiko, |d 1974- |7 xx0342654 |4 aut | |
| 240 | 1 | 0 | |a Soshite, baton wa watasareta. |l Česky |
| 245 | 1 | 0 | |a Štafeta / |c Maiko Seo ; přeložili Petr Kabelka a Eliška Kabelková Vítová |
| 250 | |a První vydání | ||
| 264 | 1 | |a Brno : |b Host, |c 2026 | |
| 300 | |a 285 stran ; |c 21 cm | ||
| 336 | |a text |b txt |2 rdacontent | ||
| 337 | |a bez média |b n |2 rdamedia | ||
| 338 | |a svazek |b nc |2 rdacarrier | ||
| 500 | |a Přeloženo z japonštiny | ||
| 520 | 2 | |a Hřejivý příběh o ženě, která během svého dětství a dospívání vystřídala několik rodin a domovů a nastřádala řadu hezkých i bolestných zážitků. V dospělosti se snaží nají samu sebe a vytvořit si vlastní zázemí. |b Sedmnáctiletá Júko bydlí s nevlastním otcem Morimijou a vede naprosto spokojený život -- nebo se to tak alespoň může na první pohled zdát. Od narození stihla vystřídat domov a příjmení hned čtyřikrát. Přestože se složení její rodiny několikrát změnilo, všichni rodiče ji zahrnovali láskou. Odnesla si od nich spoustu dobrého, ale některé šrámy se jen tak nezahojí. To jí připomene především rušný poslední ročník střední školy, v němž kromě učení na přijímací zkoušky dojde i na pár zvratů, které Júko donutí pořádně se zamyslet nad svými hodnotami, názory na přátelství a v neposlední řadě i nad tím, co jí dali a možná i vzali všichni její rodiče. Nakonec Júko čeká i první velká láska a zakládání vlastní rodiny, které s sebou přinese ještě jednu výzvu před poslední změnou příjmení -- přesvědčit Morimiju, aby jí dal svolení ke svatbě. Nakladatelská anotace. Kráceno. | |
| 520 | 2 | |a Hřejivý příběh o ženě, která během svého dětství a dospívání vystřídala několik rodin a domovů a nastřádala řadu hezkých i bolestných zážitků. V dospělosti se snaží najít samu sebe a vytvořit si vlastní zázemí. |b Sedmnáctiletá Júko bydlí s nevlastním otcem Morimijou a vede naprosto spokojený život -- nebo se to tak alespoň může na první pohled zdát. Od narození stihla vystřídat domov a příjmení hned čtyřikrát. Přestože se složení její rodiny několikrát změnilo, všichni rodiče ji zahrnovali láskou. Odnesla si od nich spoustu dobrého, ale některé šrámy se jen tak nezahojí. To jí připomene především rušný poslední ročník střední školy, v němž kromě učení na přijímací zkoušky dojde i na pár zvratů, které Júko donutí pořádně se zamyslet nad svými hodnotami, názory na přátelství a v neposlední řadě i nad tím, co jí dali a možná i vzali všichni její rodiče. Nakonec Júko čeká i první velká láska a zakládání vlastní rodiny, které s sebou přinese ještě jednu výzvu před poslední změnou příjmení -- přesvědčit Morimiju, aby jí dal svolení ke svatbě. Nakladatelská anotace. Kráceno. | |
| 655 | 7 | |a japonské romány |7 fd132490 |2 czenas | |
| 655 | 9 | |a Japanese fiction |2 eczenas | |
| 700 | 1 | |a Kabelka, Petr |7 jo2017971426 |4 trl | |
| 700 | 1 | |a Kabelková Vítová, Eliška, |d 1992- |7 xx0261060 |4 trl | |
| 710 | 2 | |a Host (vydavatelství) |7 ko2003163544 |4 pbl | |
| 900 | |a ABA001 |b 20 | ||
| 044 | |a xr | ||
| 910 | |a RBIT002 | ||
| 998 | |d 425351 |a https://core.palmknihy.cz/api/books/425351/cover?tbogqi |b https://core.palmknihy.cz/api/books/425351/cover/400?tbogqi |c https://core.palmknihy.cz/api/books/425351/cover/50?tbogqi |e 2033-05-23 |g 288 |i 9788027527908 |j https://core.palmknihy.cz/api/books/425351/preview.epub |k https://core.palmknihy.cz/api/books/425351/preview.pdf |l |q 49 |r 1 |s https://www.palmknihy.cz/kniha/425351 |t ebook |y 2026 |z 0 | ||
| 999 | |d 312931 | ||